000
00333nam a2200145Ia 4500
008
191201s2012 xx 000 0 und d
082
_a
621.51
_b
YAT
100
_a
YAHYA, S M
245
0
_a
Turbines Compressors and fans
250
_a
Rep
260
_a
N.Delhi
_b
TMH
_c
2012
300
_a
923
650
_a
B.Tech(ME)
942
_2
ddc
_c
BK
999
_c
5636
_d
5636